000
00304nam a2200109Ia 4500
008
220714s9999 xx 000 0 und d
020
_a
0 7993 0678 9
082
_a
AJF MCCA
100
_a
McCallaghan, Marilee
_9
122992
245
0
_a
VRIEND IN NOOD
942
_c
BK
_w
561
_x
John Tresidder
_y
296
_z
Phillipina Naude
999
_c
718435
_d
718434